[Event "Muensterland Verbandsklasse-A 0304"]
[Site "Germany"]
[Date "2003.11.15"]
[Round "3.8"]
[White "Vollstaedt, Raimo"]
[Black "Langendijk, Andre"]
[Result "0-1"]
[WhiteElo "1742"]
[BlackElo "1853"]
[PlyCount "120"]
[EventDate "2003.09.20"]
[EventType "team"]
[EventRounds "9"]
[EventCountry "GER"]
[SourceTitle "EXT 2005"]
[Source "ChessBase"]
[SourceDate "2004.11.15"]
[SourceVersion "1"]
[SourceVersionDate "2004.11.15"]
[SourceQuality "1"]
[WhiteTeam "Emsdetten Turm III"]
[BlackTeam "Gronau"]
[WhiteTeamCountry "GER"]
[BlackTeamCountry "GER"]

1. c4 Nf6 2. d4 e5 3. dxe5 Ng4 4. Nf3 Nc6 5. Nbd2 Ngxe5 6. e3 Bb4 7. Nxe5 Nxe5 8. a3 Be7 9. b4 0-0 10. Bb2 d6 11. Be2 a5 12. 0-0 Bf5 13. e4 Bc8 14. Qc2 Bf6 15. f4 Nc6 16. Rab1 b6 17. Nf3 axb4 18. e5 dxe5 19. fxe5 Be7 20. Qe4 bxa3 21. Qxc6 Bd7 22. Qe4 axb2 23. Rxb2 g6 24. Rd2 Qc8 25. Nd4 Bc5 26. Kh1 Bxd4 27. Qxd4 Be6 28. Qh4 Rd8 29. Rc2 Ra5 30. Qf6 Rd4 31. c5 Rxc5 32. Rxc5 bxc5 33. Rc1 c4 34. Bf3 Qd8 35. Ra1 Qxf6 36. exf6 h5 37. Kg1 Rf4 38. Ra7 Rxf6 39. Rxc7 Rf4 40. Kf2 Rd4 41. Be2 Rd2 42. Ke1 Rb2 43. h3 Kg7 44. Rc5 Kf6 45. Kf1 Rc2 46. Bd1 Rd2 47. Be2 Rd4 48. Kf2 Ke7 49. Ke3 Rh4 50. Bf1 Kd6 51. Ra5 Bd5 52. Ra7 Re4+ 53. Kd2 Re7 54. Ra3 Kc5 55. Ra5+ Kd4 56. Ra4 Rb7 57. Kc2 Be4+ 58. Kd2 Rb2+ 59. Ke1 Ke3 60. Ra3+ Rb3 0-1